Beneficial ownership and detriment (Record no. 108602)

MARC details
000 -LEADER
fixed length control field 01090cam a22001935a 4500
001 - CONTROL NUMBER
control field L144729
008 - FIXED-LENGTH DATA ELEMENTS--GENERAL INFORMATION
fixed length control field 080806e20080603xxk f v 000 0 eng d
035 ## - SYSTEM CONTROL NUMBER
System control number (Sirsi) u144729
041 0# - LANGUAGE CODE
Language code of text/sound track or separate title eng
100 1# - MAIN ENTRY--PERSONAL NAME
Personal name Pawlowski, Mark
245 00 - TITLE STATEMENT
Title Beneficial ownership and detriment
260 ## - PUBLICATION, DISTRIBUTION, ETC.
Date of publication, distribution, etc. 2008
490 #0 - SERIES STATEMENT
Series statement Solicitors' Journal
Volume/sequential designation 152(22), 3 June 2008, 16-17(2)
520 ## - SUMMARY, ETC.
Summary, etc. Discusses what could constitute a basis for beneficial interest in a property for a non-cohabitee partner when this property is exclusively owned by the other partner. Examines, through case law, different actions which could be positive or prevent basis for beneficial share. Reports that the detriment needs not be substantial if the claimant relies upon an express common intention. Shows that a loan made at a very low price could constitute detriment for this purpose. On the other hand, detriment must include a financial outlay.
590 ## - LOCAL NOTE (RLIN)
Local note KA
651 #4 - SUBJECT ADDED ENTRY--GEOGRAPHIC NAME
Geographic name England and Wales
Chronological subdivision 1543-
690 ## - LOCAL SUBJECT ADDED ENTRY--TOPICAL TERM (OCLC, RLIN)
Topical term or geographic name as entry element MANAGEMENT-DISPUTE AVOIDANCE, MANAGEMENT AND RESOLUTION-DISPUTE MANAGEMENT AND RESOLUTION
942 ## - ADDED ENTRY ELEMENTS (KOHA)
Suppress in OPAC 0
Holdings
Withdrawn status Lost status Source of classification or shelving scheme Damaged status Not for loan Home library Current library Shelving location Date acquired Total Checkouts Full call number Barcode Date last seen Copy number Price effective from Koha item type
    Dewey Decimal Classification     London London Journal article 06/08/2008   L144729 144729-1001 06/08/2019 1 06/08/2019 Journal article